Southville International School and Colleges
Your cart is empty.
  • Cart
  • Lists
    Public lists Eva Luna New books Lux_list list_1
    Your lists Log in to create your own lists
  • Log in to your account
  • Your cookies
  • Search history
Southville International School and Colleges
  • Advanced search
  • Recent comments
  • Most popular
  • Libraries

Log in to your account

Log in with GOOGLE


If you do not have an external account, but do have a local account, you can still log in:

  1. Home
  2. MARC view: Banana sap and banana leaves on Escherichia coli /
Normal view MARC view ISBD view

Banana sap and banana leaves on Escherichia coli / (Record no. 288676)

[ view plain ]
MARC details
000 -LEADER
fixed length control field 00837nam a22002177a 4500
003 - CONTROL NUMBER IDENTIFIER
control field 0
005 - DATE AND TIME OF LATEST TRANSACTION
control field 20250129102333.0
008 - FIXED-LENGTH DATA ELEMENTS--GENERAL INFORMATION
fixed length control field 150916b xxu||||| |||| 00| 0 eng d
050 ## - LIBRARY OF CONGRESS CALL NUMBER
Classification number PGS QR 82
Item number .D358 2015
100 ## - MAIN ENTRY--PERSONAL NAME
Personal name Dellosa, Prince Alfred Dale D.
245 ## - TITLE STATEMENT
Title Banana sap and banana leaves on Escherichia coli /
Statement of responsibility, etc Prince Alfred Dale D. Dellosa.
260 ## - PUBLICATION, DISTRIBUTION, ETC. (IMPRINT)
Place of publication, distribution, etc Las Piñas City, Philippines :
Name of publisher, distributor, etc Southville International School and Colleges,
Date of publication, distribution, etc 2015.
300 ## - PHYSICAL DESCRIPTION
Extent 20 p. :
Other physical details ill. ;
Dimensions 28 cm.
Type of unit PASS
504 ## - BIBLIOGRAPHY, ETC. NOTE
Bibliography, etc Includes bibliographical references.
650 ## - SUBJECT ADDED ENTRY--TOPICAL TERM
Topical term or geographic name as entry element Banana
Form subdivision Leaves--Antibacterial properties.
650 ## - SUBJECT ADDED ENTRY--TOPICAL TERM
Topical term or geographic name as entry element Banana
Form subdivision Sap--Medicinal properties.
650 ## - SUBJECT ADDED ENTRY--TOPICAL TERM
Topical term or geographic name as entry element Antibacterial agents, Plant.
650 ## - SUBJECT ADDED ENTRY--TOPICAL TERM
Topical term or geographic name as entry element Escherichia coli
Form subdivision Inhibition.
650 ## - SUBJECT ADDED ENTRY--TOPICAL TERM
Topical term or geographic name as entry element Microbial resistance to antibiotics
Form subdivision Natural products.
942 ## - ADDED ENTRY ELEMENTS (KOHA)
Source of classification or shelving scheme Library of Congress Classification
Koha item type PASS
Holdings
Withdrawn status Lost status Source of classification or shelving scheme Damaged status Not for loan Home library Current library Shelving location Date acquired Source of acquisition Total Checkouts Full call number Barcode Date last seen Price effective from Koha item type Public note
    Library of Congress Classification   Not For Loan Luxembourg Library Luxembourg Library Portfolio Assessment of SISC Students Section 09/16/2015 Donation   PGS QR 82 .D358 2015 P3414 09/16/2015 09/16/2015 PASS Be Amazing, Be Southville!

Banana sap and banana leaves on Escherichia coli /

APA

Dellosa P. A. D. D., . (2015). Banana sap and banana leaves on Escherichia coli. Las Piñas City, Philippines: Southville International School and Colleges.

Chicago

Dellosa Prince Alfred Dale D, . 2015. Banana sap and banana leaves on Escherichia coli. Las Piñas City, Philippines: Southville International School and Colleges.

Harvard

Dellosa P. A. D. D., . (2015). Banana sap and banana leaves on Escherichia coli. Las Piñas City, Philippines: Southville International School and Colleges.

MLA

Dellosa Prince Alfred Dale D, . Banana sap and banana leaves on Escherichia coli. Las Piñas City, Philippines: Southville International School and Colleges. 2015.

  • Print
  • Cite
  • Add to your cart (remove)
  • Save record
    BIBTEX Dublin Core MARCXML MARC (non-Unicode/MARC-8) MARC (Unicode/UTF-8) MARC (Unicode/UTF-8, Standard) MODS (XML) RIS
  • More searches
    Search for this title in:
    Other Libraries (WorldCat) Other Databases (Google Scholar) Online Stores (Bookfinder.com) Open Library (openlibrary.org)

Exporting to Dublin Core...

SOUTHVILLE LIBRARY

Southville International School and Colleges Library

1281 Tropical Ave. Cor. Luxembourg St., BF Homes International, Las Pinas City

Tel. No. 8256374 / 252358 Loc. 117/146

Powered by Koha